<?xml version="1.0" encoding="UTF-8"?>
<collection xmlns="http://www.loc.gov/MARC21/slim">
 <record>
  <leader>02017nam a2200241Ia 4500</leader>
  <controlfield tag="001">CTU_159701</controlfield>
  <controlfield tag="008">210402s9999    xx            000 0 und d</controlfield>
  <datafield tag="020" ind1=" " ind2=" ">
   <subfield code="c">21000</subfield>
  </datafield>
  <datafield tag="082" ind1=" " ind2=" ">
   <subfield code="a">346.597043</subfield>
  </datafield>
  <datafield tag="082" ind1=" " ind2=" ">
   <subfield code="b">V308</subfield>
  </datafield>
  <datafield tag="110" ind1=" " ind2=" ">
   <subfield code="a">Việt Nam (Cộng hòa xã hội Chủ nghĩa)</subfield>
  </datafield>
  <datafield tag="110" ind1=" " ind2=" ">
   <subfield code="b">Quốc hội</subfield>
  </datafield>
  <datafield tag="245" ind1=" " ind2="0">
   <subfield code="a">Luật đất đai năm 2003 được sửa đổi, bổ sung năm 2009</subfield>
  </datafield>
  <datafield tag="245" ind1=" " ind2="0">
   <subfield code="c">Việt Nam (Cộng hòa xã hội Chủ nghĩa). Quốc hội</subfield>
  </datafield>
  <datafield tag="260" ind1=" " ind2=" ">
   <subfield code="a">Hà Nội</subfield>
  </datafield>
  <datafield tag="260" ind1=" " ind2=" ">
   <subfield code="b">Chính trị quốc gia</subfield>
  </datafield>
  <datafield tag="260" ind1=" " ind2=" ">
   <subfield code="c">2010</subfield>
  </datafield>
  <datafield tag="520" ind1=" " ind2=" ">
   <subfield code="a">Nội dung cuốn sách gồm có: Luật sửa đổi, bổ sung điều 126 của Luật nhà ở và Điều 121 của Luật đất đai năm 2009 (những nội dung liên quan đến sửa đổi, bổ sung Luật đất đai năm 2003); Luật sửa đổi, bổ sung một số điều của các luật liên quan đến đầu tư xây dựng cơ bản năm 2009 (những nội dung liên quan đến sửa đổi, bổ sung Luật đất đai năm 2003); Luật đất đai năm 2003 được sửa đổi, bổ sung năm 2009 và Lệnh số 23/2003/L-CTN ngày 10-12-2003 của Chủ tịch nước Cộng hòa xã hội chủ nghĩa Việt Nam về việc công bố Luật đất đai; Lệnh số 15/2009/L-CTN ngày 29-6-2009 của Chủ tịch nước Cộng hòa xã hội chủ nghĩa Việt Nam về việc công bố Luật sửa đổi, bổ sung một số điều của các luật liên quan đến đầu tư xây dựng cơ bản.</subfield>
  </datafield>
  <datafield tag="650" ind1=" " ind2=" ">
   <subfield code="a">Land use,Luật đất đai</subfield>
  </datafield>
  <datafield tag="650" ind1=" " ind2=" ">
   <subfield code="x">Law and legislation,Luật và văn bản quy phạm pháp luật</subfield>
  </datafield>
  <datafield tag="650" ind1=" " ind2=" ">
   <subfield code="z">Vietnam,Việt Nam</subfield>
  </datafield>
  <datafield tag="904" ind1=" " ind2=" ">
   <subfield code="i">Trọng Hải</subfield>
  </datafield>
  <datafield tag="980" ind1=" " ind2=" ">
   <subfield code="a">Trung tâm Học liệu Trường Đại học Cần Thơ</subfield>
  </datafield>
 </record>
</collection>
